Национальные отношения в СССР на современном этапе. ... за 1988-1990 гг. (1 кв.) (Запись № 7925710)

Подробности
000 -МАРКЕР
контрольное поле 01487nam2a22002771 4500
001 - ИДЕНТИФИКАТОР ЗАПИСИ
контрольное поле rc\67125
005 - ИДЕНТИФИКАТОР ВЕРСИИ
контрольное поле 20260406091439.0
035 ## - ДРУГИЕ СИСТЕМНЫЕ НОМЕРА
Идентификатор записи (NLR Aleph) 008771293
100 ## - ДАННЫЕ ОБЩЕЙ ОБРАБОТКИ
Данные общей обработки 20021216d1991 |||y0rusy50 ca
101 0# - ЯЗЫК РЕСУРСА
Язык текста, звукозаписи и т.д. русский
102 ## - СТРАНА ПУБЛИКАЦИИ ИЛИ ПРОИЗВОДСТВА
Страна публикации российская федерация
105 ## - ПОЛЕ КОДИРОВАННЫХ ДАННЫХ: ТЕКСТОВЫЕ МАТЕРИАЛЫ, МОНОГРАФИЧЕСКИЕ
Кодированные данные о монографическом текстовом документе y |||||||||
200 0# - ЗАГЛАВИЕ И СВЕДЕНИЯ ОБ ОТВЕТСТВЕННОСТИ
Основное заглавие ... за 1988-1990 гг. (1 кв.)
Первые сведения об ответственности [Сост. А.П. Керзум
Последующие сведения об ответственности Ред. А.Т. Быстров]
210 ## - ПУБЛИКАЦИЯ, РАСПРОСТРАНЕНИЕ И ДР.
Дата издания, распространения и т.д. 1991
215 ## - ФИЗИЧЕСКАЯ ХАРАКТЕРИСТИКА
Специфическое обозначение материала и объем 142 с.
461 #0 - УРОВЕНЬ НАБОРА
Встроенное поле 001rc\67124
-- 2001#$aНациональные отношения в СССР на современном этапе$eЛит. на рус. яз. ...$fГос. публ. б-ка им. М.Е. Салтыкова-Щедрина. Информ.-библиогр. отд.$v... за 1988-1990 гг. (1 кв.)
Системный номер (АБИС) связанной записи 7172221
Место публикации Л.
Дата публикации 1991
Первые сведения об ответственности Гос. публ. б-ка им. М.Е. Салтыкова-Щедрина. Информ.-библиогр. отд.
Имя издателя, распространителя и т.д. ГПБ
Сведения, относящиеся к заглавию Лит. на рус. яз. ...
Заглавие Национальные отношения в СССР на современном этапе
Номер тома ... за 1988-1990 гг. (1 кв.)
606 1# - НАИМЕНОВАНИЕ ТЕМЫ КАК ПРЕДМЕТ
Наименование темы Национальные отношения
Географический подзаголовок СССР
Формальный подзаголовок Библиография
Код системы nlr_sh1
702 #1 - ИМЯ ЛИЦА - ВТОРИЧНАЯ ОТВЕТСТВЕННОСТЬ
Код отношения Составитель
Графика поля Кириллица
Материалы, к которым относится поле rus
Начальный элемент ввода Керзум
Часть имени, кроме начального элемента ввода А. П.
Даты 1951-
Расширение инициалов личного имени Андрей Паульевич
Идентификатор авторитетной/нормативной записи RU\NLR\AUTH\770282014
Системный номер авторитетной/нормативной записи 2669486
801 #0 - ИСТОЧНИК ЗАПИСИ
Страна российская федерация
Организация NLR
Правила каталогизации psbo
801 #1 - ИСТОЧНИК ЗАПИСИ
Страна российская федерация
Организация ELAR
Источник данных rusmarc
801 #2 - ИСТОЧНИК ЗАПИСИ
Страна российская федерация
Организация NLR
Дата составления 20050517
Источник данных rusmarc
852 ## - МЕСТОНАХОЖДЕНИЕ И ШИФР ХРАНЕНИЯ
Идентификатор организации NLR
Наименование фонда или коллекции (Sub-Location Identifier) С
Шифр хранения (Call Number) К-1/5759
942 ## - ДОПОЛНИТЕЛЬНЫЕ ЭЛЕМЕНТЫ ЗАПИСИ (АБИС)
Тип экземпляра АБИС Книга
980 ## - КОЛЛЕКЦИЯ
Название коллекции Национальная библиография
Экземпляры
Тип экземпляра Дата поступления Библиотека постоянного хранения Библиотека текущего хранения Место хранения Шифр хранения Штрих-код Статус не для выдачи Источник поступления Стоимость
Книга 26.10.2013 РНБ (Московский) РНБ (Московский) Центральная справочная библиотека С К-1/5759 1-3573406      
Книга 14.10.2021 РНБ (Московский) РНБ (Московский) Центральная справочная библиотека С К-1/5759 1-3573407   Обязательный экземпляр 0.00
Книга 20.05.2025 РНБ (Московский) РНБ (Московский) Обменный фонд   1-4874737   Контрольный экземпляр из типографии 50.00